Luật bảo vệ, chăm sóc và giáo dục trẻ em
Luật này quy định về bảo vệ, chăm sóc và giáo dục trẻ em
Salvato in:
| Enti autori: | , |
|---|---|
| Natura: | Libro |
| Lingua: | Undetermined |
| Pubblicazione: |
Hà Nội
Chính trị Quốc gia
2007
|
| Soggetti: | |
| Tags: |
Aggiungi Tag
Nessun Tag, puoi essere il primo ad aggiungerne! !
|
| Thư viện lưu trữ: | Trung tâm Học liệu Trường Đại học Cần Thơ |
|---|
| LEADER | 01020nam a2200241Ia 4500 | ||
|---|---|---|---|
| 001 | CTU_136873 | ||
| 008 | 210402s9999 xx 000 0 und d | ||
| 020 | |c 3500 | ||
| 082 | |a 346.5970135 | ||
| 082 | |b V308 | ||
| 110 | |a Việt Nam (Cộng hòa Xã hội chủ nghĩa Việt Nam) | ||
| 110 | |b Quốc hội | ||
| 245 | 0 | |a Luật bảo vệ, chăm sóc và giáo dục trẻ em | |
| 245 | 0 | |c Việt Nam (Cộng hòa Xã hội chủ nghĩa Việt Nam). Quốc hội | |
| 260 | |a Hà Nội | ||
| 260 | |b Chính trị Quốc gia | ||
| 260 | |c 2007 | ||
| 520 | |a Luật này quy định về bảo vệ, chăm sóc và giáo dục trẻ em | ||
| 650 | |a Trung tâm Học liệu ĐHCT,Children,Public welfare,Educational law and legislation | ||
| 650 | |x Luật về trẻ em Việt Nam,Legal status, laws, etc.,Law and legislation | ||
| 650 | |z Vietnam,Vietnam,Vietnam | ||
| 904 | |i Năm | ||
| 980 | |a Trung tâm Học liệu Trường Đại học Cần Thơ | ||